Riconosci le persone famose del Web dall'immagine - Statistics

Statistiche generali
  • Questo quiz è stato fatto 131 volte
  • Il punteggio medio è 21 su 36
Statistiche sulle risposte
con Immagini Risposta % Corretto
Me contro Te
98%
Favij
91%
Riccardo Dose
86%
Khaby Lame
84%
Cicciogamer89
82%
Anima
81%
Surry
81%
Alessia Lanza
80%
Blur
73%
Dadda
71%
Ilvostrocarodexter
71%
Amedeo Preziosi
69%
Lasabrigamer
69%
Mikeshowsha
68%
Marza
65%
Zano
65%
Danny Lazzarin
64%
xMurry
64%
Dario Moccia
63%
St3pny
63%
Giampytek
59%
Lollo Lacustre
58%
Fius Gamer
51%
Michele Molteni
51%
PirlasV
50%
Nello Taver
48%
Zeb89
42%
Dread
41%
Homyatol
41%
Rimoldigno
39%
Just Rohn
35%
Gskianto
33%
Simone Panetti
33%
Progetto Happiness
27%
Fil
26%
Carmine Guadagno
12%
Nessun quiz corrispondente trovato
Distribuzione punteggi
Percentuale di utenti per punteggio
Percentile per numero di risposta
I tuoi punteggi nel tempo
Non hai fatto questo quiz